000 00488nam a2200169Ia 4500
003 LDD
008 190117s9999 xx 000 0 und d
020 _c₹45
040 _cLDD
041 _ahi
082 _a8H3.6 प्रे 5922 प्रे
100 _aप्रेमचन्द
245 0 _aप्रेम द्वादशी
_cप्रेमचन्द
260 _aनई दिल्ली
_bभारतीय
_c1990
300 _a178प्र.
942 _2ddc
_cH
999 _c164227
_d164227